Joueurs par anciens clubs #2 - Statistiques

Statistiques générales
  • Ce quiz a été pris 237 fois
  • Le résultat moyen est 12 sur 20
Statistiques - réponses
Clubs Joueurs % Correct
US Boulogne > SM Caen > Leicester City > Chelsea > Al-Ittihad N’Golo Kanté
89%
AS Cannes > Girondins de Bordeaux > Juventus > Real Madrid > Retraite Zinédine Zidane
88%
Cruzeiro > PSV > FC Barcelone > Inter Milan > Real Madrid > AC Milan > Corinthians > Retraite Ronaldo
84%
Pescara > PSG > Al-Arabi Marco Verratti
83%
Quimper CFC > Le Havre AC > Leicester City > Manchester City > Al-Ahli Riyad Mahrez
83%
Schalke 04 > Werder Brême > Real Madrid > Arsenal > Fenerbahçe > Istanbul Basaksehir > Retraite Mesut Özil
79%
FC Barcelone > Inter Miami Sergio Busquets
77%
Znicz Pruszkow > Lech Poznan > Borussia Dortmund > Bayern Munich > FC Barcelone Robert Lewandowski
74%
FC Groningue > Celtic Glasgow > Southampton FC > FC Liverpool Virgil Van Dijk
72%
Corinthians > Girondins de Bordeaux > FC Barcelone > Zénith > Al-Hilal Malcom
69%
FC Liverpool > Manchester City > Chelsea > Arsenal Raheem Sterling
66%
FC Sochaux > EA Guingamp > Borussia Mönchengladbach > Inter Milan Marcus Thuram
64%
AS Nancy > AS Saint-Étienne > Juventus > Retraite Michel Platini
60%
Hambourg SV > Bayer Leverkusen > Tottenham Heung-min Son
59%
Valence CF > Malaga CF > Real Madrid > FC Séville > Betis Séville Isco
40%
FC Nantes > OM > AC Milan > Chelsea > Al-Gharafa > Qatar SC > Retraite Marcel Desailly
28%
Racing Club > Genoa > Real Saragosse > Genoa > Inter Milan > Racing Club > Retraite Diego Milito
26%
São Paulo FC > Real Saragosse > Palmeiras > AS Rome > AC Milan > Retraite Cafu
20%
AS Monaco > Arsenal > FC Barcelone > Chelsea > Retraite Emmanuel Petit
19%
Gladsaxe/Hero > Hvidovre > Brøndby > Manchester United > Sporting CP > Aston Villa > Manchester City > Retraite Peter Schmeichel
17%
Aucun quiz correspondant
Distribution des résultats
% des personnes avec chaque résultat
Percentile par nombre de réponses
Votre historique - résultats
Vous n’avez pas pris ce quiz